Một lời hứa

Salvato in:
Dettagli Bibliografici
Autore principale: Chalandon, Sorj
Natura: Libro
Lingua:Undetermined
Pubblicazione: Hà Nội Hội nhà văn 2009
Soggetti:
Tags: Aggiungi Tag
Nessun Tag, puoi essere il primo ad aggiungerne! !
Thư viện lưu trữ: Trung tâm Học liệu Trường Đại học Cần Thơ
LEADER 00547nam a2200193Ia 4500
001 CTU_181127
008 210402s9999 xx 000 0 und d
020 |c 30000 
082 |a 843 
082 |b C436 
100 |a Chalandon, Sorj 
245 0 |a Một lời hứa 
245 0 |c Sorj Chalandon ; Lê Hồng Sâm (Dịch) 
260 |a Hà Nội 
260 |b Hội nhà văn 
260 |c 2009 
650 |a French Fiction,Văn học Pháp 
904 |i Phượng 
980 |a Trung tâm Học liệu Trường Đại học Cần Thơ